Phân tích các yếu tố ảnh hưởng đến quyết định lựa chọn ngân hàng để vay vốn của khách hàng : Luận văn thạc sĩ: Chuyên ngành: Tài chính - Ngân hàng
Nghiên cứu thực hiện nhằm tìm ra các yếu tố ảnh hưởng đến quyết định lựa chọn ngân hàng để vay vốn của khách hàng cá nhân. Dữ liệu khảo sát dựa trên 286 khách hàng cá nhân tại Tp Cần Thơ.
Đã lưu trong:
| 主要作者: | |
|---|---|
| 格式: | 圖書 |
| 語言: | Undetermined |
| 出版: |
Cần Thơ
Đại học Cần Thơ
2013
|
| 主題: | |
| 標簽: |
添加標簽
沒有標簽, 成為第一個標記此記錄!
|
| Thư viện lưu trữ: | Trung tâm Học liệu Trường Đại học Cần Thơ |
|---|
| LEADER | 01218nam a2200229Ia 4500 | ||
|---|---|---|---|
| 001 | CTU_183229 | ||
| 008 | 210402s9999 xx 000 0 und d | ||
| 082 | |a 332.1 | ||
| 082 | |b Th108 | ||
| 088 | |a 60340201 | ||
| 100 | |a Trần, Thị Ngọc Thảo | ||
| 245 | 0 | |a Phân tích các yếu tố ảnh hưởng đến quyết định lựa chọn ngân hàng để vay vốn của khách hàng : | |
| 245 | 0 | |b Luận văn thạc sĩ: Chuyên ngành: Tài chính - Ngân hàng | |
| 245 | 0 | |c Trần Thị Ngọc Thảo ; Lê Tấn Nghiêm (Người hướng dẫn khoa học) | |
| 260 | |a Cần Thơ | ||
| 260 | |b Đại học Cần Thơ | ||
| 260 | |c 2013 | ||
| 520 | |a Nghiên cứu thực hiện nhằm tìm ra các yếu tố ảnh hưởng đến quyết định lựa chọn ngân hàng để vay vốn của khách hàng cá nhân. Dữ liệu khảo sát dựa trên 286 khách hàng cá nhân tại Tp Cần Thơ. | ||
| 650 | |a Ngân hàng và nghiệp vụ ngân hàng | ||
| 904 | |i Trần Thị Nhơn Ái | ||
| 910 | |a Nguyên | ||
| 980 | |a Trung tâm Học liệu Trường Đại học Cần Thơ | ||